MARC

LEADER 00000nam0a2200000 4500
001 88918
005 20231031102847.0
010 |a 5247011236 
035 |a (RuTPU)RU\TPU\book\95405 
035 |a RU\TPU\book\26193 
090 |a 88918 
100 |a 20060111d1992 m y0rusy50 ca 
101 0 |a rus 
102 |a RU 
105 |a a j 000zy 
200 1 |a Экономика природопользования  |e учебник  |f под ред. М. А. Ревазова 
210 |a Москва  |c Недра  |d 1992 
215 |a 350 с.  |c ил. 
610 1 |a экология 
610 1 |a природа 
610 1 |a охрана 
610 1 |a природопользование 
610 1 |a окружающая среда 
610 1 |a природные ресурсы 
610 1 |a использование 
610 1 |a экономика 
610 1 |a учебные пособия 
675 |a 504.06(075.8)  |v 3 
702 1 |a Ревазов  |b М. А.  |g Максим Александрович  |4 340 
801 0 |a RU  |b 63413507  |c 20011209  |g PSBO 
801 1 |a RU  |b 63413507  |c 20060111  |g PSBO 
801 2 |a RU  |b 63413507  |c 20191126  |g RCR 
942 |c BK